Milagros de Nuestra Señora
Guardat en:
| Autor principal: | |
|---|---|
| Format: | Llibre |
| Idioma: | espanyol |
| Publicat: |
Zaragoza
Ebro
1949
|
| Edició: | 4a. ed |
| Col·lecció: | Biblioteca Clásica Ebro
|
| Matèries: | |
| Etiquetes: |
Afegir etiqueta
Sense etiquetes, Sigues el primer a etiquetar aquest registre!
|
MARC
| LEADER | 00000nam a2200000 a 4500 | ||
|---|---|---|---|
| 001 | UCZ3374 | ||
| 003 | CL-VaPUC | ||
| 008 | 951020e19490000SP |||||||||||||||||spa|d | ||
| 082 | 0 | 4 | |a 861 |b BER |2 21 |
| 100 | 0 | |a Berceo, Gonzalo de |e author |9 308429 | |
| 245 | 1 | 0 | |a Milagros de Nuestra Señora |
| 250 | |a 4a. ed | ||
| 300 | |a 125 p | ||
| 942 | |c BK | ||
| 945 | |d 19951020 00:00:00 |a cmena | ||
| 260 | |a Zaragoza |b Ebro |c 1949 | ||
| 650 | 0 | |a Poesías españolas |9 265100 | |
| 650 | 0 | |a Religión |9 255164 | |
| 650 | 0 | |a Literatura española |9 306261 | |
| 583 | |a last modification |c 19951020 00:00:00 |k Rodrigo Vera | ||
| 490 | 0 | |a Biblioteca Clásica Ebro | |
| 999 | |c 239855 |d 239853 | ||
| 952 | |0 0 |1 0 |4 0 |6 861_000000000000000_BER_1949 |7 0 |8 P |9 251302 |a BIBEDU |b BIBEDU |c BIBEDU_PB |d 2019-11-18 |i 1586904 |o 861 BER 1949 |p 1586904 |r 2024-01-25 |w 2019-11-18 |y BK |k FIL | ||